| 000 | 01138nam a2200313 a 4500 | ||
|---|---|---|---|
| 001 | 000115292 | ||
| 003 | CHAP | ||
| 005 | 20220329144528.0 | ||
| 008 | 190219s2018 mx sm |||||||spa d | ||
| 010 | _a111753 | ||
| 011 | _a112725 | ||
| 040 | _cCHAP | ||
| 090 | _aTesis | ||
| 100 | 1 |
_aFarrera Vázquez, Irving César. _9130606 |
|
| 245 | 1 | 3 |
_aLa caprinocultura en La Laguna, Durango : _h[En línea] _baspectos técnicos, económicos y sociales / _cpor Irving César Farrera Vázquez. |
| 260 |
_aChapingo, Méx. : _bEl autor, _c2018. |
||
| 500 | _aPara ver el contenido del material haga clic en la liga | ||
| 502 | _aTesis (M.C. en Estrategias Agroempresariales) -- UACH. CIESTAAM | ||
| 590 |
_aE11695DGD _b10 _c20190506 _lUCH01 _h1543 |
||
| 590 |
_aE5765TAJ _b05 _c20190219 _lUCH01 _h1232 |
||
| 590 |
_aE5765TAJ _b05 _c20190219 _lUCH01 _h1232 |
||
| 650 | 1 | 4 |
_aCarne de cabra _xMercadeo. _919132 |
| 650 | 1 | 4 |
_aGanado cabrío _xAspectos económicos. _944994 |
| 650 | 1 | 4 |
_aGanado cabrío _xMercadeo. _945025 |
| 856 |
_aFinding aid _uhttp://10.13.5.2/tesis/sist115292.pdf _zTeclea aquí |
||
| 901 | _aBK | ||
| 942 | _cTESIS | ||
| 942 | _n0 | ||
| 999 |
_c111753 _d111753 |
||